000 00897nam a2200253Ia 4500
003 OSt
005 20220923222640.0
006 a|||||r|||| 00| 0
007 ta
008 220922b |||||||| |||| 00| 0 hin d
024 _a206,783
037 _cTextual
040 _aARTS
_cARTS
_bhin
041 _2hin
_ahin
082 _aO152,6N06:g, N0
100 _aकविता रानी
245 0 _aहजारीप्रसाद द्विवेदी के साहित्य में लालित योजना
246 _aHajārīprasād dvivedī ke sāhitya mean lālit yojanā
260 _aदिल्ली
_b भावना प्रका0
_c1990
300 _a263पृ.
_ccm.
650 _aहिन्दी साहित्य
_9156264
942 _hO152,6N06:g, N0
_cTEXL
_2CC
999 _c357413
_d357413